000 00296nam a22001337a 4500
008 210301b ||||| |||| 00| 0 eng d
020 _a978020511013199990
041 _aeng
080 _26th
_a37
100 _a46
101 _aEDU
245 _aAlong These Lines
_cBiays,SH.J
942 _2udc
_cBK
999 _c55370
_d55370